000
00220 a2200097 4500
001
4565
100
_a
Rogers,G.F.C
245
_a
Engg thermodynamics worked heat transfer
260
_a
_b
Longmans
_c
090
_c
3761
_d
3761
942
_a
NUST-CAE
_c
M
_c
30002
999
_c
239638
_d
239638